000 01053nam a2200313Ia 4500
003 OSt
005 20221007125544.0
006 a|||||r|||| 00| 0
007 ta
008 221006b |||||||| |||| 00| 0 eng d
020 _a8173196931 (pbk)
_c220.00
024 _a14985
037 _b2005/CRB/0000514, 29/06/2005, Narosa Book Distributors Pvt. Ltd.
_cTextual
040 _aCDL
_cCDL
_beng
041 _2eng
_aeng
082 _aE9, P5-;1 Carc
100 _aBaldev Kumar
_9477439
245 0 _aBiogenesis of natural products
_b Chopra Harish Kumar
260 _aNew
_bDelhi Narosa Publishing House
_c2005
300 _ax, 296p.
_ccm.
500 _aIndex 286-296p.
650 _a Biogenesis
_9722110
650 _a Biosynthetic
_9712233
650 _a Natural products
_9711396
650 _aChemistry
700 _a Chopra Harish Kumar
942 _hE9, P5-;1 Carc
_cTEXL
_2CC
999 _c1215491
_d1215491